Welcome to CU Library Online Public Access Catalogue (OPAC)

Practical Experiment Designs/ (Record no. 1311)

MARC details
000 -LEADER
fixed length control field 00465nam a22001457a 4500
005 - DATE AND TIME OF LATEST TRANSACTION
control field 20241118182955.0
008 - FIXED-LENGTH DATA ELEMENTS--GENERAL INFORMATION
fixed length control field 241118b |||||||| |||| 00| 0 eng d
050 ## - LIBRARY OF CONGRESS CALL NUMBER
Classification number QA279
Item number .D5
100 ## - MAIN ENTRY--PERSONAL NAME
Personal name Diamond, William J.
245 ## - TITLE STATEMENT
Title Practical Experiment Designs/
Remainder of title for engineers and scientists
Statement of responsibility, etc. William J. Diamond
260 ## - PUBLICATION, DISTRIBUTION, ETC.
Place of publication, distribution, etc. Shahdara, Delhi
Name of publisher, distributor, etc. CBS Publishers & Distributors
Date of publication, distribution, etc. 1987
300 ## - PHYSICAL DESCRIPTION
Extent xiv.348p.
Other physical details ill.
Dimensions 23.5cm
650 ## - SUBJECT ADDED ENTRY--TOPICAL TERM
Source of heading or term Experiment Designs
942 ## - ADDED ENTRY ELEMENTS (KOHA)
Source of classification or shelving scheme Library of Congress Classification
Koha item type Books
Suppress in OPAC No
999 ## -
-- 1311
-- 1311
Holdings
Withdrawn status Lost status Source of classification or shelving scheme Damaged status Not for loan Collection Home library Current library Shelving location Date acquired Total checkouts Full call number Barcode Date last seen Copy number Price effective from Koha item type
    Library of Congress Classification     Non-fiction Science Library (Miotso) Science Library (Miotso) General stacks 11/18/2024   QA279 .D5 DIA SLM00000682 11/18/2024 1 11/18/2024 Books
    Library of Congress Classification     Non-fiction Science Library (Miotso) Science Library (Miotso) General stacks 11/18/2024   QA279 .D5 DIA SLM00000683 11/18/2024 2 11/18/2024 Books
    Library of Congress Classification     Non-fiction Science Library (Miotso) Science Library (Miotso) General stacks 11/18/2024   QA279 .D5 DIA SLM00000684 11/18/2024 3 11/18/2024 Books
© 2023-2024 Copyright: Central University Libraries. All Rights Reserved | Created by: Mahone Tech Office